| 000 | 00604nam a2200205 a 4500 | ||
|---|---|---|---|
| 001 | 2035 | ||
| 003 | CDMR | ||
| 005 | 20131205124629.0 | ||
| 008 | 130130s1972||||||||||||||||||||||||||||d | ||
| 040 |
_aCDMR _bcat _cCDMR |
||
| 100 | 1 |
_aMcLuhan, Marshall _9425 |
|
| 245 | 1 | 3 |
_aLa galaxia Gutenberg _b: Génesis del "homo typographicus" |
| 260 |
_aMadrid _c1972 _bAguilar |
||
| 300 |
_a411 p. _c20 cm |
||
| 650 | 0 | 4 |
_93629 _aComunicació _xAssaigs |
| 650 | 0 | 4 |
_92796 _aImpremta |
| 650 | 0 | 4 |
_94423 _aTecnologia i civilització |
| 650 | 0 | 4 |
_92757 _aMitjans de comunicació de massa _xAspectes socials |
| 942 |
_cMON _2udc |
||
| 999 |
_c2035 _d2035 |
||